000 00629nam a22002177a 4500
001 00028558
005 20260313093945.0
008 260313b ag ||||| |||| 00| 0 spa d
020 _a9789502412245
040 _aAR-CcCEOS
_bspa
_cAR-CcCEOS
041 _aspa
080 _a918.2
090 _bDAB
100 1 _aDabbene, Roberto
_9884
245 _aUn viaje a la Tierra del Fuego :
_bComentado por Juan Carlos Chebez y Bárbara Gasparri /
_cRoberto Dabbene
250 _a1ª ed.
260 _aBuenos Aires :
_bAlbatros,
_c2009.
300 _a256 p. ;
_c22x15 cm.
655 0 _arelatos de viajes
_932
942 _2udc
_cBK
_n0
999 _c28588
_d28588